000 00300pam a2200133 a 4500
020 _c
041 _h
082 _a741.018
_bMAR
100 _aJudy Martin.
245 _aDrawing with Colour
_hTextual Documents
260 _a[s.l]:
_bQuantum books,
_c2003.
300 _a143:
_bpaper.
930 _a4099
999 _c237889
_d237889